Science Quiz

Random Science or Elements Quiz

4-Letter Elements Quiz Stats

 Plays Quiz Updated Dec 17, 2014

Also try: 6-Letter Elements
Challenge
Share
Tweet
Embed
Score 0/5 Timer 00:30
7 Plays Today
% Correct
Iron
81.5%
Gold
81.4%
Neon
73.2%
Lead
67.8%
Zinc
62.9%

You're not logged in!

Compare scores with friends on all Sporcle quizzes.
Join for Free
OR
Log In

You Might Also Like...

Show Comments

Extras

Top Quizzes Today


Score Distribution

Your Account Isn't Verified!

In order to create a playlist on Sporcle, you need to verify the email address you used during registration. Go to your Sporcle Settings to finish the process.

Report this User

Report this user for behavior that violates our Community Guidelines.

Details: